000 00484cam a2200145 4500500
005 20251228073015.0
041 _afre
042 _adc
100 1 0 _aGuillaume, Bertrand
_eauthor
245 0 0 _aIndicateurs de performance dans le secteur public : entre illusion et perversité
260 _c2009.
500 _a8
786 0 _nCités | 37 | 1 | 2009-03-17 | p. 101-109 | 1299-5495
856 4 1 _uhttps://shs.cairn.info/revue-cites-2009-1-page-101?lang=fr&redirect-ssocas=7080
999 _c1594591
_d1594591